Ética en las organizaciones: construyendo confianza (Registro nro. 3828)
[ vista simple ]
| 000 -CABECERA | |
|---|---|
| campo de control de longitud fija | 00830nam a22002777a 4500 |
| 005 - FECHA Y HORA DE ACTUALIZACIÓN | |
| campo de control | 20160901145447.0 |
| 008 - LONGITUD FIJA | |
| campo de control de longitud fija | 150310b xxu||||| |||| 00| 0 spa d |
| 041 ## - IDIOMA | |
| Código de idioma del texto/pista de sonido o título separado | |
| 082 ## - CLASIFICACIÓN DECIMAL DEWEY | |
| Número de clasificación | 174.4 G958e |
| 100 ## - AUTOR PERSONAL | |
| Nombre de persona | Guillén Parra, Manuel |
| 245 ## - TÍTULO PROPIAMENTE DICHO | |
| Título | Ética en las organizaciones: construyendo confianza |
| 260 ## - PIE DE IMPRENTA | |
| Lugar de publicación, distribución, etc. | España |
| Nombre del editor, distribuidor, etc. | Pearson Educación |
| Fecha de publicación, distribución, etc. | 2006 |
| 300 ## - DESCRIPCIÓN FÍSICA | |
| Extensión | 357 páginas |
| 650 ## - Materia General | |
| Materia general | ETICA |
| 650 ## - Materia General | |
| Materia general | ETICA EMPRESARIAL |
| 650 ## - Materia General | |
| Materia general | ETICA DE LOS NEGOCIOS |
| 650 ## - Materia General | |
| Materia general | ETICA EN LAS ORGANIZACIONES |
| 650 ## - Materia General | |
| Materia general | ETICA DEL TRABAJO |
| 650 ## - Materia General | |
| Materia general | ETICA EN LAS DECISIONES |
| 650 ## - Materia General | |
| Materia general | COMPORTAMIENTO HUMANO |
| 650 ## - Materia General | |
| Materia general | MOTIVACION |
| 650 ## - Materia General | |
| Materia general | LIDERAZGO |
| 650 ## - Materia General | |
| Materia general | ETICA SOCIAL |
| 650 ## - Materia General | |
| Materia general | CALIDAD DE ETICA |
| 942 ## - Punto de Acceso Adicional Koha | |
| Tipo de ítem Koha | Libro |
| Estado perdido | Estado dañado | No para préstamo | Biblioteca permanente | Biblioteca actual | Signatura completa | Código de barras | Precio efectivo a partir del | Tipo de ítem |
|---|---|---|---|---|---|---|---|---|
| Departamento de Biblioteca y Documentación Alfonso Chase Brenes | Departamento de Biblioteca y Documentación Alfonso Chase Brenes | 174.4 G958e | 12702 | 01/09/2016 | Libro | |||
| Departamento de Biblioteca y Documentación Alfonso Chase Brenes | Departamento de Biblioteca y Documentación Alfonso Chase Brenes | 174.4 G958e | 12703 | 01/09/2016 | Libro | |||
| Departamento de Biblioteca y Documentación Alfonso Chase Brenes | Departamento de Biblioteca y Documentación Alfonso Chase Brenes | 174.4 G958e | 12704 | 01/09/2016 | Libro | |||
| Departamento de Biblioteca y Documentación Alfonso Chase Brenes | Departamento de Biblioteca y Documentación Alfonso Chase Brenes | 174.4 G958e | 13373 | 01/09/2016 | Libro | |||
| Departamento de Biblioteca y Documentación Alfonso Chase Brenes | Departamento de Biblioteca y Documentación Alfonso Chase Brenes | 174.4 G958e | 13374 | 01/09/2016 | Libro |